| 000 | 01325 a2200181 4500 | ||
|---|---|---|---|
| 001 | 141359 | ||
| 040 | _cLeonardo Da Vinci | ||
| 041 | _aPortuguês | ||
| 082 |
_a372.35 G744c _bG744c |
||
| 100 | _aGOWDAK, Demétrio | ||
| 245 |
_aCiências _bambiente, recursos do ambiente, saúde; 5ª série |
||
| 260 |
_bFTD _c1986 _aSão Paulo |
||
| 300 | _a216 | ||
| 362 | _a19860000 | ||
| 500 | _aSuplementado por livro do professor | ||
| 697 |
_aCiências _aEcologia _aEducação sanitária _aAr _aPressão atmosférica _aExperiência de Torricelli _aBarômetro _aInstrumentos de medida _aHigrômetro _aPluviomêtro _aAnemômetro _aBiruta _aTermômetro _aCamadas da atmosfera _aTroposfera _aEstratosfera _aMesosfera _aTermosfera _aGases do ar _aAr _aÁgua _aFerro _aVinho _aGases _aEstado físico da água _aChuva _aTratamento da água _aPropriedade da água _aFonte de energia _aSolo _aCamadas da terra _aCrosta terrestre _aManto _aNúcleo central _aGrau geotérmico _aRochas _aSolo _aMeio ambiente _aAmbiente natural _aMinérios _aFósseis _aPoluição da água _aPoluição do ar _aMonóxido de carbono _aDióxido de enxofre _aPoluentes _aSaúde _aHigiene física _aHigiene mental _aHigiene social _aPele _aOlhos _aÓrgãos _aOuvido _aNariz _aDente _aCouro cabeludo _aMúsculo _aMicróbios _aVírus _aBactérias _aProtozoários _aFungos _aVacinas _aEnsino Fundamental 2. ciclo |
||
| 942 | _cBK | ||
| 999 |
_c141359 _d141359 |
||